000 00384 a2200169 4500
001 188298
020 _a978-85-7208-511-3
040 _cMagnum
100 _aDansa, Lecticia
240 1 0 _aRelógio que atrsa não adianta
_lpor
245 1 0 _aRelógio que atrsa não adianta
300 _a24
362 0 _a2007
440 1 _aFormato
697 _aLITERATURA INFANTO
942 _cBK
999 _c188298
_d188298